| 000 | 01237cam a22003377a 4500 | ||
|---|---|---|---|
| 003 | CHAP | ||
| 005 | 20220329142304.0 | ||
| 008 | 000515d1982 mx a r 00110 spa d | ||
| 010 | _a81110 | ||
| 011 | _a82082 | ||
| 035 | _a92567 | ||
| 040 | _cCHAP | ||
| 082 | 0 | 4 |
_a631.7 _bF55 |
| 110 | 0 |
_aFideicomisos Instituídos en Relación con la Agricultura. México _940733 |
|
| 245 | 1 | 0 |
_aCentro de adiestramiento y demostración en sistemas avanzados de riego, Tezoyuca, Mor. _c/por FIRA |
| 260 |
_aMéxico, D.F. : _bBanco de México, _c1982. |
||
| 300 |
_a127 p. : _bilus. ; cuadros |
||
| 590 |
_aBATCH-UPD _b10 _c20130110 _lUCH01 _h0136 |
||
| 590 |
_aBATCH-UPD _b10 _c20130110 _lUCH01 _h2057 |
||
| 590 |
_aBATCH-UPD _b10 _c20130409 _lUCH01 _h2133 |
||
| 590 |
_aBATCH-UPD _b10 _c20130410 _lUCH01 _h1410 |
||
| 590 |
_aBATCH-UPD _b10 _c20130914 _lUCH01 _h1658 |
||
| 590 |
_aCONVERSION _b10 _c20130109 _lUCH01 _h1345 |
||
| 650 | 1 | 4 |
_aIrrigación _xInnovaciones tecnológicas. _960424 |
| 650 | 1 | 4 |
_aIrrigación _zMorelos. _960505 |
| 901 | _aBK | ||
| 905 | _aMayto Villalobos S. | ||
| 942 | _cLIBRO | ||
| 949 |
_a631.7 F55 _bBC _cLIBRO _d33724000780474 _eLIBRO _h97769 _i92567 _si |
||
| 949 |
_a631.7 F55 _bBC _cLIBRO _d33724000780482 _eLIBRO _fc.2 _h97770 _i92567 _si |
||
| 999 |
_c81110 _d81110 |
||